000 00520nam a2200193Ia 4500
003 OSt
005 20251201125052.0
020 _a978-1933107-61-5
040 _cLC
050 _aRJ 245 .P 533 2007
_b1
100 _aPLATT, DANIELLE
245 0 _aNURSING CARE OF CHILDREN
250 _aR.N EDITION 7.0
260 _aUSA,
_bAssessment Technologies Institute, [Stilwell,
_c2007
300 _aVii, 627 P, ILL
650 _a Examination Questions, Examinations- Nursing
700 _aMOSS, MARY
942 _cBK
_2lcc
_n0
999 _c199128
_d199128